01629cam a2200397 a 45000010009000000050017000090080041000260100017000670150015000840160022000990200015001210200018001360350023001540400028001770420014002050500025002190720013002440820020002571000040002772450122003172600050004393000045004894900068005345040050006026500030006526500031006826500023007136530021007367000029007578560106007868560091008928560092009839420012010759990017010879520127011041365630720080307142238.0040715s2004 gw a b 001 0 eng  a 2004273357 aGBA3-T67867 a9686699562GyFmDB a354040886X a9783540408864 a(OCoLC)ocm53392873 aUKMcUKMdOHXdBGUdDLC alccopycat00aTK8360.O67bN37 2004 7aQD2lcco00a681.25222bNAR1 aNarayanaswamy, R.q(Ramaier)92758010aOptical Sensors :bIndustrial, Environmental, and Diagnostic Applications /cRamaier Narayanaswamy, Otto S. Wolfbeis. aBerlin ;aNew York :bSpringer, 2004cc2004. axx, 421 p. :bill. (some col.) ;c24 cm. 927579aSpringer Series on Chemical Sensors and Biosensors ;v01 aIncludes bibliographical references and index 0aOptical detectors.927581 0aChemical detectors.927582 0aBiosensors.927583 bGencOctober20111 aWolfbeis, Otto S.927584423Contributor biographical informationuhttp://www.loc.gov/catdir/enhancements/fy0817/2004273357-b.html423Publisher descriptionuhttp://www.loc.gov/catdir/enhancements/fy0817/2004273357-d.html413Table of contents onlyuhttp://www.loc.gov/catdir/enhancements/fy0817/2004273357-t.html 2ddccBB c16154d16154 00102ddc40708sorazbkaMAINbMAINc1STd2011-10-25epurchaseg160.00l0o681.25 NARp000025474r2025-07-15 00:00:00yBB